[Event "22nd Varna it"]
[Site "Varna BUL"]
[Date "1983.05.??"]
[Round "1"]
[White "Ermenkov, Evgeny"]
[Black "Lalev, Dimitar"]
[Result "1-0"]
[WhiteElo "2445"]
[BlackElo "2385"]
[EventDate "1983.05.01"]
[PlyCount "61"]

1.e4 c5 2.Nf3 e6 3.d4 cxd4 4.Nxd4 Nf6 5.Nc3 d6 6.g4 h6 7.h4 Nc6 8.g5 hxg5 
9.Bxg5 Qb6 10.Nb3 a6 11.Qe2 Bd7 12.O-O-O Qc7 13.Bg2 O-O-O 14.f4 Be7 15.Bf3
Kb8 16.h5 Nh7 17.Bxe7 Nxe7 18.Qe3 Nf6 19.Rd3 d5 20.e5 Nf5 21.Qd2 Ne4 22.
Nxe4 dxe4 23.Bxe4 Bc6 24.Nc5 Bb5 25.Rxd8+ Rxd8 26.Qc3 Nd4 27.Kb1 Ne2 28.
Qe3 Nxf4 29.c4 Be8 30.Nxb7 Rc8 31.Nd6 1-0

[Event "22nd Varna it"]
[Site "Varna BUL"]
[Date "1983.05.??"]
[Round "1"]
[White "Georgiev, Krum"]
[Black "Atanasov, Petko"]
[Result "1/2-1/2"]
[WhiteElo "2440"]
[BlackElo "2400"]
[EventDate "1983.05.01"]
[PlyCount "93"]

1.d4 d5 2.c4 e6 3.Nc3 Nf6 4.Nf3 Nbd7 5.Bg5 c6 6.cxd5 exd5 7.e3 Be7 8.Bd3 
O-O 9.Qc2 Re8 10.O-O Nf8 11.Rae1 Nh5 12.Bxe7 Rxe7 13.b4 Qd6 14.b5 Ng6 15.
bxc6 bxc6 16.Ne2 Bg4 17.Nd2 Rae8 18.Rc1 Rc7 19.Ng3 Nxg3 20.hxg3 Nf8 21.
Rfe1 h5 22.Qc3 Qh6 23.e4 dxe4 24.Rxe4 Rd8 25.Re5 Be6 26.Be4 Nd7 27.Qa5 
Nxe5 28.Qxc7 Rc8 29.Qxe5 Qxd2 30.Rc5 Rd8 31.Bxc6 Qxd4 32.Qxd4 Rxd4 33.Ra5 
Rd1+ 34.Kh2 Rd2 35.a4 Rc2 36.Bb7 Rxf2 37.Rxa7 Ra2 38.a5 g5 39.a6 Kg7 40.
Ra8 Kf6 41.Rd8 h4 42.gxh4 gxh4 43.Kg1 h3 44.gxh3 Bxh3 45.Rd6+ Ke7 46.Rb6 
Kd8 47.Bd5 1/2-1/2

[Event "22nd Varna it"]
[Site "Varna BUL"]
[Date "1983.05.??"]
[Round "1"]
[White "Groszpeter, Attila"]
[Black "Cabrilo, Goran"]
[Result "0-1"]
[WhiteElo "2505"]
[BlackElo "2445"]
[EventDate "1983.05.01"]
[PlyCount "64"]

1.d4 Nf6 2.c4 d6 3.Nc3 Nbd7 4.Nf3 e5 5.Bg5 Be7 6.e3 c6 7.Bd3 h6 8.Bh4 Nh5 
9.Bxe7 Qxe7 10.O-O g6 11.b4 O-O 12.c5 d5 13.e4 dxe4 14.Nxe4 f5 15.Nd6 e4 
16.Re1 Qg7 17.Bc4+ Kh7 18.Nh4 Nf4 19.f3 Nf6 20.fxe4 fxe4 21.Nxe4 g5 22.Nf3
Nxe4 23.Rxe4 Bf5 24.Re5 Rad8 25.Qe1 Ng6 26.Re3 g4 27.Ne5 Rxd4 28.Nxg6 Bxg6
29.Re7 Bf7 30.Bb3 Kh8 31.Rxb7 Re4 32.Qd1 Bxb3 0-1

[Event "22nd Varna it"]
[Site "Varna BUL"]
[Date "1983.05.??"]
[Round "1"]
[White "Lukov, Valentin"]
[Black "Meduna, Eduard"]
[Result "1/2-1/2"]
[WhiteElo "2430"]
[BlackElo "2475"]
[EventDate "1983.05.01"]
[PlyCount "47"]

1.e4 c6 2.d4 d5 3.Nd2 dxe4 4.Nxe4 Nd7 5.Bc4 Ngf6 6.Ng5 e6 7.Qe2 Nb6 8.Bd3 
h6 9.N5f3 c5 10.dxc5 Nbd7 11.b4 a5 12.c3 Be7 13.Bc4 O-O 14.Nh3 axb4 15.
cxb4 b6 16.O-O bxc5 17.b5 Bb7 18.Bb2 Nd5 19.Ne5 Nxe5 20.Bxe5 Bf6 21.Rfc1 
Ra3 22.Qb2 Bxe5 23.Qxe5 Qa5 24.Nf4 1/2-1/2

[Event "22nd Varna it"]
[Site "Varna BUL"]
[Date "1983.05.??"]
[Round "1"]
[White "Spiridonov, Nikola"]
[Black "Inkiov, Ventzislav"]
[Result "0-1"]
[WhiteElo "2405"]
[BlackElo "2500"]
[EventDate "1983.05.01"]
[PlyCount "72"]

1.g3 Nf6 2.Bg2 d5 3.c4 e6 4.Nf3 Be7 5.O-O O-O 6.b3 c5 7.cxd5 exd5 8.d4 Nc6
9.Bb2 Bg4 10.Nc3 Re8 11.Ne5 cxd4 12.Nxc6 bxc6 13.Qxd4 c5 14.Qd3 d4 15.Ne4 
Nd7 16.h3 Be6 17.e3 Ne5 18.Qd1 Qa5 19.exd4 Rad8 20.Bc3 Qa6 21.Nxc5 Bxc5 
22.Qh5 Bb6 23.Qxe5 Bc4 24.Qg5 f6 25.Qh4 Bxf1 26.Bxf1 Qc8 27.Bc4+ Kh8 28.
Rd1 h6 29.Qh5 Qc6 30.d5 Qd6 31.Qg6 Re4 32.Kg2 Rxc4 33.bxc4 Qc5 34.Rd4 Rg8 
35.Rf4 Rf8 36.Rg4 Qxf2+ 0-1

[Event "22nd Varna it"]
[Site "Varna BUL"]
[Date "1983.05.??"]
[Round "2"]
[White "Espig, Lutz"]
[Black "Ermenkov, Evgeny"]
[Result "1/2-1/2"]
[WhiteElo "2425"]
[BlackElo "2445"]
[EventDate "1983.05.01"]
[PlyCount "28"]

1.d4 Nf6 2.g3 c5 3.d5 e6 4.c4 exd5 5.cxd5 d6 6.Bg2 g6 7.Nc3 Bg7 8.Nf3 O-O 
9.O-O a6 10.a4 Nbd7 11.Nd2 Re8 12.h3 Rb8 13.Nc4 Nb6 14.Na3 Bd7 1/2-1/2

[Event "22nd Varna it"]
[Site "Varna BUL"]
[Date "1983.05.??"]
[Round "2"]
[White "Inkiov, Ventzislav"]
[Black "Kirov, Nino"]
[Result "1/2-1/2"]
[WhiteElo "2500"]
[BlackElo "2425"]
[EventDate "1983.05.01"]
[PlyCount "23"]

1.Nf3 c5 2.c4 Nc6 3.g3 g6 4.Bg2 Bg7 5.O-O e6 6.Nc3 Nge7 7.d3 O-O 8.Be3 b6 
9.Qd2 Bb7 10.Bh6 d6 11.Bxg7 Kxg7 12.a3 1/2-1/2

[Event "22nd Varna it"]
[Site "Varna BUL"]
[Date "1983.05.??"]
[Round "2"]
[White "Lalev, Dimitar"]
[Black "Groszpeter, Attila"]
[Result "1-0"]
[WhiteElo "2385"]
[BlackElo "2505"]
[EventDate "1983.05.01"]
[PlyCount "135"]

1.d4 Nf6 2.Nf3 e6 3.c4 c5 4.d5 exd5 5.cxd5 d6 6.Nc3 g6 7.Nd2 Bg7 8.e4 O-O 
9.Be2 Na6 10.O-O Nc7 11.a4 Rb8 12.Nc4 Re8 13.Qc2 a6 14.Bf4 Bf8 15.Rad1 b5 
16.Na5 Bd7 17.Nc6 Bxc6 18.dxc6 b4 19.e5 bxc3 20.exd6 Rxb2 21.dxc7 Qe7 22.
Qxc3 Rxe2 23.Rd8 Nh5 24.c8=Q Rxd8 25.Qg4 Nxf4 26.Qxf4 Bg7 27.Qcc4 Re6 28.
Qxa6 Be5 29.Qf3 Rf6 30.Qfe2 Rxc6 31.Qac4 Re6 32.Qf3 Rd4 33.Qc2 c4 34.Rd1 
Bxh2+ 35.Kf1 Rd3 36.Qa8+ Kg7 37.g3 Bxg3 38.Rxd3 cxd3 39.Qxd3 Bd6 40.Qc3+ 
Be5 41.Qcc8 Bf6 42.Qg8+ Kh6 43.Qaf8+ Qxf8 44.Qxf8+ Bg7 45.Qxf7 Rf6 46.Qc4 
g5 47.a5 Rf4 48.Qe6+ Kh5 49.Kg2 Bd4 50.f3 Rh4 51.a6 Rf4 52.Qd6 Rh4 53.Kf1 
Rf4 54.Ke2 Bg1 55.Qe6 Bd4 56.Kd3 Bg1 57.Ke2 Bd4 58.Qd6 Bg1 59.Kf1 Bd4 60.
Kg2 Rh4 61.Qc6 Rf4 62.Qe6 g4 63.fxg4+ Kh4 64.Qh6+ Kxg4 65.Qh3+ Kg5 66.Qxh7
Rh4 67.Qe7+ Kh5 68.a7 1-0

[Event "22nd Varna it"]
[Site "Varna BUL"]
[Date "1983.05.??"]
[Round "3"]
[White "Ermenkov, Evgeny"]
[Black "Inkiov, Ventzislav"]
[Result "1-0"]
[WhiteElo "2445"]
[BlackElo "2500"]
[EventDate "1983.05.01"]
[PlyCount "71"]

1.e4 e5 2.Bc4 Nf6 3.d3 Nc6 4.Nf3 Bc5 5.c3 d6 6.b4 Bb6 7.a4 a6 8.Nbd2 O-O 
9.Ba2 Be6 10.O-O Bxa2 11.Rxa2 d5 12.Ba3 Re8 13.Qb1 Qd7 14.b5 axb5 15.axb5 
Ne7 16.Nxe5 Qe6 17.Bxe7 Rxa2 18.Qxa2 Rxe7 19.d4 dxe4 20.Qxe6 Rxe6 21.Ra1 
g6 22.Ndc4 Nd5 23.Nxb6 Rxb6 24.c4 Ne7 25.d5 Rd6 26.Ra8+ Kg7 27.Re8 Nxd5 
28.cxd5 Rxd5 29.g4 Kf6 30.b6 cxb6 31.Nc4 b5 32.Ne3 Rd4 33.Rc8 b4 34.Rc5 
Rd2 35.Rb5 Rb2 36.g5+ 1-0

[Event "22nd Varna it"]
[Site "Varna BUL"]
[Date "1983.05.??"]
[Round "3"]
[White "Groszpeter, Attila"]
[Black "Espig, Lutz"]
[Result "0-1"]
[WhiteElo "2505"]
[BlackElo "2425"]
[EventDate "1983.05.01"]
[PlyCount "86"]

1.d4 d6 2.e4 Nf6 3.Nc3 g6 4.Nf3 Bg7 5.Be2 O-O 6.O-O a6 7.e5 dxe5 8.Nxe5 
Nbd7 9.Bf4 Nxe5 10.Bxe5 c6 11.a4 Nd5 12.Bxg7 Nxc3 13.bxc3 Kxg7 14.a5 Qc7 
15.Qd2 Bf5 16.Bd3 Bxd3 17.cxd3 Rad8 18.Rfe1 Rd5 19.Re4 Rfd8 20.Qe3 e6 21.
c4 Rxa5 22.Re1 h5 23.h3 Rf5 24.g4 hxg4 25.hxg4 Ra5 26.c5 Rh8 27.Re5 Ra4 
28.Kg2 Qd8 29.Re4 Qh4 30.Rf4 Qh2+ 31.Kf1 Qh1+ 32.Ke2 Ra2+ 33.Kd1 Qd5 34.
Qe5+ Qxe5 35.dxe5 Rh3 36.Rd4 Ra5 37.Kd2 Rxc5 38.f4 Rg3 39.f5 Rg2+ 40.Kd1 
gxf5 41.gxf5 exf5 42.e6 fxe6 43.Rxe6 Ra5 0-1

[Event "22nd Varna it"]
[Site "Varna BUL"]
[Date "1983.05.??"]
[Round "3"]
[White "Kirov, Nino"]
[Black "Meduna, Eduard"]
[Result "1/2-1/2"]
[WhiteElo "2425"]
[BlackElo "2475"]
[EventDate "1983.05.01"]
[PlyCount "61"]

1.Nf3 Nf6 2.g3 d5 3.Bg2 Bf5 4.c4 c6 5.cxd5 cxd5 6.Qb3 Qc8 7.Nc3 e6 8.d3 
Nc6 9.O-O Be7 10.Bf4 O-O 11.Rac1 Bg6 12.Ne5 Nd7 13.Nxg6 hxg6 14.d4 Nb6 15.
e4 dxe4 16.d5 exd5 17.Nxd5 Nxd5 18.Qxd5 Bf6 19.Bxe4 Bxb2 20.Rb1 Bf6 21.
Rfc1 Rd8 22.Qb3 g5 23.Be3 Qg4 24.Bd5 Rd7 25.Rxc6 bxc6 26.Bxc6 Rad8 27.Bxd7
Qxd7 28.Qb7 Qa4 29.Qb3 Qd7 30.Qb5 Qe6 31.Qb3 1/2-1/2

[Event "22nd Varna it"]
[Site "Varna BUL"]
[Date "1983.05.??"]
[Round "3"]
[White "Lukov, Valentin"]
[Black "Ortega, Lexy"]
[Result "0-1"]
[WhiteElo "2430"]
[BlackElo "2425"]
[EventDate "1983.05.01"]
[PlyCount "72"]

1.e4 c5 2.Nf3 d6 3.d4 cxd4 4.Nxd4 Nf6 5.Nc3 a6 6.Be2 Nbd7 7.a4 Nc5 8.Bf3 
e6 9.O-O Be7 10.b3 O-O 11.Bb2 e5 12.Nde2 Bd7 13.Ng3 g6 14.Re1 b5 15.axb5 
axb5 16.Nf1 Rxa1 17.Bxa1 b4 18.Nd5 Nxd5 19.Qxd5 Qa8 20.Qd2 Rb8 21.Bb2 Qa2 
22.Bc1 Bc6 23.Qd1 Bf8 24.h3 Qa8 25.Nd2 Qb7 26.Nc4 Bxe4 27.Nxd6 Bxf3 28.
gxf3 Qd7 29.Nc4 Qxh3 30.Nxe5 Re8 31.Qd5 Ne6 32.Qd7 Re7 33.Qc8 Rc7 34.Qe8 
Nd4 35.Qd8 Rd7 36.Qc8 Ne2+ 0-1

[Event "22nd Varna it"]
[Site "Varna BUL"]
[Date "1983.05.??"]
[Round "3"]
[White "Spiridonov, Nikola"]
[Black "Atanasov, Petko"]
[Result "1-0"]
[WhiteElo "2405"]
[BlackElo "2400"]
[EventDate "1983.05.01"]
[PlyCount "111"]

1.c4 Nf6 2.Nf3 g6 3.b4 Bg7 4.Bb2 O-O 5.e3 d6 6.d4 a5 7.b5 Nbd7 8.Qc2 Re8 
9.Be2 e5 10.O-O exd4 11.exd4 Ne4 12.Bd3 Ng5 13.Nbd2 Nxf3+ 14.Nxf3 Nf6 15.
h3 Bd7 16.Rfe1 Nh5 17.Rxe8+ Qxe8 18.Re1 Qf8 19.Be4 Rb8 20.Bc3 b6 21.Bc6 
Bxc6 22.bxc6 Re8 23.Re4 Nf6 24.Rxe8 Qxe8 25.d5 Qe4 26.Qb2 Ne8 27.Bxg7 Nxg7
28.Qf6 Qe8 29.g4 Kf8 30.Qf4 h5 31.Kg2 hxg4 32.hxg4 f5 33.Nd4 g5 34.Qf3 f4 
35.Qd3 Qe5 36.Nf3 Qf6 37.a4 Kg8 38.Qe4 Kf7 39.Qh7 Qg6 40.Qh8 Ne8 41.Kh3 
Ke7 42.Qh5 Kf6 43.Qh8+ Ke7 44.Kg2 Kf7 45.Kh2 Nf6 46.Qc8 Qc2 47.Nxg5+ Kg7 
48.Ne6+ Kg6 49.Nxf4+ Kg5 50.Nh3+ Kg6 51.Qe6 Kg7 52.Qe7+ Kg6 53.Nf4+ Kg5 
54.Ne6+ Kxg4 55.Qxf6 Qh7+ 56.Kg1 1-0

[Event "22nd Varna it"]
[Site "Varna BUL"]
[Date "1983.05.??"]
[Round "4"]
[White "Atanasov, Petko"]
[Black "Kirov, Nino"]
[Result "0-1"]
[WhiteElo "2400"]
[BlackElo "2425"]
[EventDate "1983.05.01"]
[PlyCount "90"]

1.e4 c5 2.Nf3 Nc6 3.Bb5 e6 4.O-O Nge7 5.Re1 Ng6 6.Nc3 a6 7.Bf1 Be7 8.d4 
cxd4 9.Nxd4 O-O 10.Be3 Qc7 11.Nb3 b5 12.Qh5 Bf6 13.Rad1 d6 14.Bc1 Bxc3 15.
bxc3 e5 16.g3 Nce7 17.Rd3 Bb7 18.Bg2 f5 19.Nd2 Rad8 20.Bh3 fxe4 21.Nxe4 
Bxe4 22.Rxe4 d5 23.Re2 e4 24.Rde3 Ne5 25.c4 Nxc4 26.Rb3 Qc6 27.f3 Ng6 28.
Bf5 Qf6 29.g4 Qd4+ 30.Be3 Nxe3 31.Rexe3 Qd1+ 32.Kf2 Qxc2+ 33.Kf1 Rf6 34.
Rbc3 Qd1+ 35.Re1 Qd2 36.Rc7 Qd3+ 37.Kg1 Qxf3 38.Rf1 Qe3+ 39.Kh1 Qe2 40.
Be6+ Rxe6 41.Rff7 Qe1+ 42.Kg2 Qd2+ 43.Kh1 Re7 44.Rcxe7 Nxe7 45.Rxe7 Rf8 
0-1

[Event "22nd Varna it"]
[Site "Varna BUL"]
[Date "1983.05.??"]
[Round "4"]
[White "Espig, Lutz"]
[Black "Cabrilo, Goran"]
[Result "1/2-1/2"]
[WhiteElo "2425"]
[BlackElo "2445"]
[EventDate "1983.05.01"]
[PlyCount "68"]

1.Nf3 Nf6 2.g3 d5 3.Bg2 Bg4 4.b3 e6 5.Bb2 Nbd7 6.d3 Be7 7.Nbd2 O-O 8.h3 
Bxf3 9.Nxf3 Bb4+ 10.c3 Bd6 11.O-O a5 12.a3 c6 13.Qc2 Qe7 14.e4 dxe4 15.
dxe4 e5 16.Nh4 g6 17.Rfd1 Rfd8 18.Nf3 Nc5 19.b4 Ne6 20.c4 axb4 21.axb4 
Rxa1 22.Bxa1 Bxb4 23.Rxd8+ Qxd8 24.Nxe5 Bc5 25.Nf3 Bf8 26.Ne1 Nd7 27.Nd3 
Ndc5 28.Nxc5 Bxc5 29.Bc3 Bd4 30.Be1 Qd6 31.Kh2 Qc5 32.Qa2 Kg7 33.h4 Qb6 
34.f4 Nc5 1/2-1/2

[Event "22nd Varna it"]
[Site "Varna BUL"]
[Date "1983.05.??"]
[Round "4"]
[White "Georgiev, Krum"]
[Black "Lukov, Valentin"]
[Result "1-0"]
[WhiteElo "2440"]
[BlackElo "2430"]
[EventDate "1983.05.01"]
[PlyCount "64"]

1.d4 Nf6 2.c4 e6 3.Nc3 Bb4 4.e3 c5 5.Ne2 O-O 6.a3 cxd4 7.axb4 dxc3 8.Nxc3 
d5 9.cxd5 exd5 10.Be2 Be6 11.O-O Nc6 12.b5 Na5 13.Ra4 Qc7 14.f4 Rad8 15.
Rd4 a6 16.g4 h6 17.Bf3 axb5 18.g5 hxg5 19.fxg5 Nh7 20.Nxd5 Bxd5 21.Bxd5 
Nc6 22.g6 Nxd4 23.gxh7+ Kh8 24.Qxd4 f5 25.Bd2 Qd7 26.Bc3 Qe7 27.Kh1 Rf6 
28.e4 b4 29.Bxb4 Qxe4+ 30.Qxe4 fxe4 31.Rxf6 gxf6 32.Bg8 Re8 1-0

[Event "22nd Varna it"]
[Site "Varna BUL"]
[Date "1983.05.??"]
[Round "4"]
[White "Inkiov, Ventzislav"]
[Black "Groszpeter, Attila"]
[Result "1/2-1/2"]
[WhiteElo "2500"]
[BlackElo "2505"]
[EventDate "1983.05.01"]
[PlyCount "23"]

1.e4 c6 2.d4 d5 3.Nc3 dxe4 4.Nxe4 Bf5 5.Ng3 Bg6 6.Nf3 Nd7 7.Bd3 e6 8.O-O 
Ngf6 9.b3 Be7 10.Bb2 O-O 11.Bxg6 hxg6 12.c4 1/2-1/2

[Event "22nd Varna it"]
[Site "Varna BUL"]
[Date "1983.05.??"]
[Round "4"]
[White "Ortega, Lexy"]
[Black "Spiridonov, Nikola"]
[Result "1/2-1/2"]
[WhiteElo "2425"]
[BlackElo "2405"]
[EventDate "1983.05.01"]
[PlyCount "93"]

1.g3 d5 2.Bg2 c6 3.c4 Nf6 4.Nf3 Bf5 5.cxd5 cxd5 6.Qb3 Qb6 7.Qxb6 axb6 8.
Nc3 Nc6 9.d3 e6 10.O-O Bc5 11.Bf4 O-O 12.Nb5 Bg4 13.a3 Bxf3 14.Bxf3 Nd4 
15.Nxd4 Bxd4 16.Rab1 Nd7 17.e3 Be5 18.d4 Bxf4 19.gxf4 f5 20.Rfc1 Rfc8 21.
Be2 Kf7 22.Kf1 Nf6 23.Bd3 Ne8 24.Rc3 Rxc3 25.bxc3 Rxa3 26.Rxb6 Rxc3 27.
Rxb7+ Kf6 28.Ke2 Rc1 29.Rb1 Rc7 30.Kf1 Ra7 31.Rb6 Ke7 32.Ra6 Rb7 33.Be2 
Nd6 34.Bf3 Nc4 35.Ra2 h6 36.h4 Rc7 37.Kg2 Nd6 38.Kg3 Rc6 39.Kg2 Kf6 40.Kg3
g5 41.hxg5+ hxg5 42.fxg5+ Kxg5 43.Ra7 f4+ 44.exf4+ Kf6 45.Bh5 Nf5+ 46.Kg4 
Ne7 47.f5 1/2-1/2

[Event "22nd Varna it"]
[Site "Varna BUL"]
[Date "1983.05.??"]
[Round "5"]
[White "Cabrilo, Goran"]
[Black "Inkiov, Ventzislav"]
[Result "1/2-1/2"]
[WhiteElo "2445"]
[BlackElo "2500"]
[EventDate "1983.05.01"]
[PlyCount "66"]

1.e4 c5 2.Nf3 Nc6 3.d4 cxd4 4.Nxd4 Nf6 5.Nc3 d6 6.Nb3 g6 7.Be2 Bg7 8.O-O 
O-O 9.Kh1 Be6 10.Bg5 Na5 11.f4 Nc4 12.f5 Nxb2 13.Qc1 Bc4 14.Qxb2 Bxe2 15.
Nxe2 Nxe4 16.f6 Nxf6 17.Qd4 h6 18.Bxf6 Bxf6 19.Rxf6 exf6 20.Nf4 Qe7 21.Nd5
Qe5 22.Nxf6+ Kg7 23.Ne4 Rfe8 24.Nxd6 Re6 25.Nb5 Rd8 26.Qxe5+ Rxe5 27.N5d4 
Re4 28.Rd1 Rc8 29.Kg1 Rc4 30.Kf2 a5 31.c3 Rxc3 32.Nxa5 Ra3 33.Nxb7 Rxa2+ 
1/2-1/2

[Event "22nd Varna it"]
[Site "Varna BUL"]
[Date "1983.05.??"]
[Round "5"]
[White "Ermenkov, Evgeny"]
[Black "Atanasov, Petko"]
[Result "1-0"]
[WhiteElo "2445"]
[BlackElo "2400"]
[EventDate "1983.05.01"]
[PlyCount "53"]

1.e4 c6 2.d4 d5 3.Nd2 dxe4 4.Nxe4 Nd7 5.Bc4 Ngf6 6.Nxf6+ Nxf6 7.Nf3 e6 8.
O-O Be7 9.Re1 O-O 10.c3 c5 11.Bg5 cxd4 12.Nxd4 Qa5 13.Bf4 Bd7 14.Bb3 Rac8 
15.Qf3 b5 16.Nf5 Bc5 17.Nxg7 Bc6 18.Qg3 Kh8 19.Be5 Be7 20.Nh5 Rg8 21.Qf4 
Rxg2+ 22.Kf1 Rg6 23.Nxf6 b4 24.Nd5+ f6 25.Nxe7 Qa6+ 26.Re2 fxe5 27.Nxg6+ 
1-0

[Event "22nd Varna it"]
[Site "Varna BUL"]
[Date "1983.05.??"]
[Round "5"]
[White "Groszpeter, Attila"]
[Black "Meduna, Eduard"]
[Result "1/2-1/2"]
[WhiteElo "2505"]
[BlackElo "2475"]
[EventDate "1983.05.01"]
[PlyCount "23"]

1.e4 c6 2.c4 d5 3.cxd5 cxd5 4.exd5 Nf6 5.Nc3 Nxd5 6.Nf3 Nc6 7.Bc4 e6 8.O-O
Be7 9.d4 O-O 10.Re1 Nxc3 11.bxc3 b6 12.Bd3 1/2-1/2

[Event "22nd Varna it"]
[Site "Varna BUL"]
[Date "1983.05.??"]
[Round "5"]
[White "Kirov, Nino"]
[Black "Ortega, Lexy"]
[Result "1/2-1/2"]
[WhiteElo "2425"]
[BlackElo "2425"]
[EventDate "1983.05.01"]
[PlyCount "85"]

1.Nf3 c5 2.g3 b6 3.Bg2 Bb7 4.O-O Nf6 5.c4 e6 6.Nc3 Be7 7.d4 cxd4 8.Qxd4 d6
9.b3 O-O 10.Rd1 Nbd7 11.e4 a6 12.Ba3 Nc5 13.e5 dxe5 14.Qxd8 Rfxd8 15.Nxe5 
Bxg2 16.Kxg2 Rdc8 17.Na4 Rab8 18.Bxc5 Bxc5 19.Nxc5 Rxc5 20.f4 Rc7 21.Rd4 
Kf8 22.g4 Ke7 23.Rad1 Rbb7 24.b4 Nd7 25.Nxd7 Rxd7 26.Rxd7+ Rxd7 27.Rxd7+ 
Kxd7 28.Kf3 a5 29.a3 axb4 30.axb4 f6 31.h4 h6 32.Ke4 Kd6 33.Kd4 Kc6 34.Kd3
Kd7 35.Ke2 Kc7 36.Kf2 Kd7 37.Ke1 Ke7 38.Kd1 Kd7 39.Ke1 Kd6 40.Ke2 Kd7 41.
Kd3 Kc7 42.Kd4 Kc6 43.h5 1/2-1/2

[Event "22nd Varna it"]
[Site "Varna BUL"]
[Date "1983.05.??"]
[Round "5"]
[White "Lalev, Dimitar"]
[Black "Espig, Lutz"]
[Result "0-1"]
[WhiteElo "2385"]
[BlackElo "2425"]
[EventDate "1983.05.01"]
[PlyCount "82"]

1.d4 Nf6 2.Nc3 d5 3.Bg5 Nbd7 4.Qd3 h6 5.Bh4 e6 6.e4 dxe4 7.Nxe4 Be7 8.
O-O-O Nxe4 9.Bxe7 Nxf2 10.Qf3 Qxe7 11.Qxf2 O-O 12.Nf3 b6 13.Bc4 Bb7 14.
Rhe1 Qf6 15.Qg3 Rac8 16.Ne5 Nxe5 17.dxe5 Qg5+ 18.Qxg5 hxg5 19.Rd4 Bxg2 20.
Rg1 Bf3 21.Bd3 g4 22.h3 Rcd8 23.Rxd8 Rxd8 24.hxg4 g5 25.Rg3 Bb7 26.Be2 Rd4
27.Rc3 c5 28.Ra3 a5 29.c3 Rd5 30.Rb3 Rxe5 31.Rxb6 Bd5 32.Bd1 Bxa2 33.Rb5 
a4 34.Bxa4 Bc4 35.Ra5 Be2 36.b4 Bxg4 37.Bd7 Bf3 38.b5 c4 39.Ra4 g4 40.Rxc4
g3 41.Bc6 g2 0-1

[Event "22nd Varna it"]
[Site "Varna BUL"]
[Date "1983.05.??"]
[Round "5"]
[White "Spiridonov, Nikola"]
[Black "Georgiev, Krum"]
[Result "1/2-1/2"]
[WhiteElo "2405"]
[BlackElo "2440"]
[EventDate "1983.05.01"]
[PlyCount "42"]

1.Nf3 Nf6 2.d4 e6 3.g3 c5 4.Bg2 cxd4 5.O-O d5 6.Nxd4 e5 7.Nb3 Nc6 8.Bg5 
Be6 9.Nc3 d4 10.Ne4 Be7 11.Bxf6 gxf6 12.Nec5 Qb6 13.Nxe6 fxe6 14.c3 O-O-O 
15.cxd4 Nxd4 16.Nxd4 Rxd4 17.Qc2+ Kb8 18.Rfd1 f5 19.e3 Rxd1+ 20.Rxd1 Rc8 
21.Qe2 e4 1/2-1/2

[Event "22nd Varna it"]
[Site "Varna BUL"]
[Date "1983.05.??"]
[Round "6"]
[White "Atanasov, Petko"]
[Black "Groszpeter, Attila"]
[Result "1/2-1/2"]
[WhiteElo "2400"]
[BlackElo "2505"]
[EventDate "1983.05.01"]
[PlyCount "104"]

1.e4 c5 2.Nf3 d6 3.d4 cxd4 4.Nxd4 Nf6 5.Nc3 a6 6.Bg5 e6 7.Qd2 Be7 8.Be2 b5
9.a3 Bb7 10.f3 Nbd7 11.O-O Rc8 12.Be3 O-O 13.a4 b4 14.Na2 d5 15.Nxb4 dxe4 
16.a5 exf3 17.gxf3 Ne5 18.b3 Ng6 19.c4 Qc7 20.Nd3 Rfd8 21.Qe1 Nh5 22.f4 
Rxd4 23.Bxd4 Nhxf4 24.Nxf4 Nxf4 25.Bf3 Nh3+ 26.Kg2 Ng5 27.Qg3 Qxg3+ 28.
Kxg3 Bd6+ 29.Kg2 Nxf3 30.Rxf3 g5 31.Kf2 Bxf3 32.Kxf3 f5 33.Rd1 Kf7 34.Bb6 
Ke7 35.c5 g4+ 36.Kg2 Rxc5 37.Bxc5 Bxc5 38.Rb1 Bb4 39.Rc1 Kd6 40.Rc4 Bxa5 
41.Ra4 Bc3 42.Rxa6+ Kd5 43.Ra7 f4 44.Rc7 f3+ 45.Kf1 Kd4 46.Rxh7 e5 47.Rg7 
e4 48.Rxg4 Kd3 49.Rf4 Be5 50.Rf5 Bxh2 51.Kf2 Bb8 52.Rf7 Be5 1/2-1/2

[Event "22nd Varna it"]
[Site "Varna BUL"]
[Date "1983.05.??"]
[Round "6"]
[White "Georgiev, Krum"]
[Black "Kirov, Nino"]
[Result "1/2-1/2"]
[WhiteElo "2440"]
[BlackElo "2425"]
[EventDate "1983.05.01"]
[PlyCount "21"]

1.c4 e5 2.Nc3 Nc6 3.Nf3 Nf6 4.d4 exd4 5.Nxd4 Bb4 6.Bg5 h6 7.Bxf6 Bxc3+ 8.
bxc3 Qxf6 9.e3 O-O 10.Be2 d6 11.O-O 1/2-1/2

[Event "22nd Varna it"]
[Site "Varna BUL"]
[Date "1983.05.??"]
[Round "6"]
[White "Lukov, Valentin"]
[Black "Spiridonov, Nikola"]
[Result "1/2-1/2"]
[WhiteElo "2430"]
[BlackElo "2405"]
[EventDate "1983.05.01"]
[PlyCount "45"]

1.e4 c6 2.d4 d5 3.Nd2 dxe4 4.Nxe4 Nd7 5.Nf3 Ngf6 6.Nxf6+ Nxf6 7.Bc4 Bf5 8.
Qe2 e6 9.Bg5 Be7 10.O-O-O Bg4 11.h3 Bxf3 12.Qxf3 Nd5 13.Bxe7 Qxe7 14.Rhe1 
O-O 15.Bxd5 Qg5+ 16.Kb1 Qxd5 17.Qg3 Rfd8 18.Re5 Qd6 19.Rg5 Qxg3 20.Rxg3 
Rd5 21.Rgd3 Rad8 22.Kc1 Kf8 23.R3d2 1/2-1/2

[Event "22nd Varna it"]
[Site "Varna BUL"]
[Date "1983.05.??"]
[Round "6"]
[White "Meduna, Eduard"]
[Black "Cabrilo, Goran"]
[Result "1/2-1/2"]
[WhiteElo "2475"]
[BlackElo "2445"]
[EventDate "1983.05.01"]
[PlyCount "142"]

1.d4 Nf6 2.c4 e6 3.Nf3 d5 4.Nc3 Bb4 5.Bg5 Nbd7 6.Bxf6 Qxf6 7.e3 c5 8.cxd5 
cxd4 9.Nxd4 Bxc3+ 10.bxc3 exd5 11.Be2 O-O 12.O-O Rd8 13.a4 Nc5 14.Bf3 b6 
15.Qc2 Ba6 16.Nb5 Ne6 17.Rfd1 Bb7 18.Nd4 Ng5 19.a5 g6 20.Rdb1 Ba6 21.h4 
Nxf3+ 22.Nxf3 Bc4 23.Qd2 bxa5 24.Rxa5 a6 25.Qd4 Qxd4 26.Nxd4 Rab8 27.Rba1 
Rdc8 28.Nc2 Bb5 29.Nb4 Rxc3 30.Nxa6 Bxa6 31.Rxa6 Rc4 32.h5 gxh5 33.Rd6 Rc5
34.Rd1 Kg7 35.Rd4 Re8 36.R6xd5 Rxd5 37.Rxd5 Kg6 38.Kh2 Re4 39.Kh3 Ra4 40.
f3 Ra2 41.e4 Re2 42.Rd8 Kg7 43.Kg3 f6 44.Rd7+ Kg6 45.Re7 Ra2 46.f4 Re2 47.
Kh3 Re1 48.Kh4 Rh1+ 49.Kg3 Re1 50.Kf2 Ra1 51.g3 Ra2+ 52.Kf3 Rb2 53.f5+ Kh6
54.Rf7 Rb3+ 55.Kf4 Rb6 56.Ke3 Rd6 57.Ke2 Rb6 58.Kd3 Kg5 59.Kd4 Kg4 60.Rg7+
Kh3 61.e5 fxe5+ 62.Kxe5 Rb5+ 63.Kf6 h4 64.gxh4 Kxh4 65.Ke6 Rb6+ 66.Kf7 
Rb7+ 67.Kg8 Rb6 68.Rf7 Kg5 69.Kg7 h5 70.f6 h4 71.Rf8 h3 1/2-1/2

[Event "22nd Varna it"]
[Site "Varna BUL"]
[Date "1983.05.??"]
[Round "6"]
[White "Ortega, Lexy"]
[Black "Ermenkov, Evgeny"]
[Result "1/2-1/2"]
[WhiteElo "2425"]
[BlackElo "2445"]
[EventDate "1983.05.01"]
[PlyCount "82"]

1.g3 g6 2.Bg2 c5 3.f4 Bg7 4.Nf3 Nc6 5.O-O d6 6.e4 e5 7.d3 Nge7 8.Nc3 O-O 
9.f5 gxf5 10.Nh4 Nd4 11.exf5 Nexf5 12.Nxf5 Bxf5 13.Bxb7 Rb8 14.Bg2 Qd7 15.
Rf2 Bg6 16.Nd5 f5 17.c3 Ne6 18.Be3 Kh8 19.Qd2 Nc7 20.Nxc7 Qxc7 21.Raf1 
Rbe8 22.h4 Qe7 23.Bg5 Qe6 24.Bh3 d5 25.h5 Bxh5 26.Rxf5 Rxf5 27.Bxf5 Qd6 
28.g4 Bg6 29.Bh6 Rg8 30.Bxg7+ Rxg7 31.Qh6 Kg8 32.Qh4 e4 33.dxe4 dxe4 34.
Qh2 Qxh2+ 35.Kxh2 Re7 36.Bxg6 hxg6 37.Kg3 Kg7 38.Rf4 e3 39.Rf1 Kh6 40.Re1 
Kg5 41.Re2 Re8 1/2-1/2

[Event "22nd Varna it"]
[Site "Varna BUL"]
[Date "1983.05.??"]
[Round "7"]
[White "Cabrilo, Goran"]
[Black "Atanasov, Petko"]
[Result "1-0"]
[WhiteElo "2445"]
[BlackElo "2400"]
[EventDate "1983.05.01"]
[PlyCount "85"]

1.e4 c6 2.d4 d5 3.Nd2 dxe4 4.Nxe4 Nd7 5.Bc4 Ngf6 6.Ng5 Nd5 7.N1f3 h6 8.Ne4
N7f6 9.Nxf6+ gxf6 10.Be2 Bf5 11.a3 Qc7 12.g3 O-O-O 13.c4 Nb6 14.Qb3 e5 15.
Be3 c5 16.d5 Kb8 17.Nh4 Bd7 18.Qc2 Nc8 19.O-O h5 20.b4 b6 21.Rab1 Ka8 22.
Rfd1 Nd6 23.a4 Bh6 24.Bxh6 Rxh6 25.a5 cxb4 26.axb6 Qc5 27.bxa7 f5 28.Qd2 
Ne4 29.Qxb4 Qxf2+ 30.Kh1 Qxa7 31.Ra1 Ra6 32.Rxa6 Qxa6 33.Qe1 Ba4 34.Ra1 
Rb8 35.Bd1 Nc5 36.Bxa4 Nxa4 37.Qd1 Rb4 38.d6 Qc6+ 39.Ng2 Rb2 40.Qxa4+ Qxa4
41.Rxa4+ Kb7 42.h4 Rd2 43.Ra5 1-0

[Event "22nd Varna it"]
[Site "Varna BUL"]
[Date "1983.05.??"]
[Round "7"]
[White "Ermenkov, Evgeny"]
[Black "Georgiev, Krum"]
[Result "1/2-1/2"]
[WhiteElo "2445"]
[BlackElo "2440"]
[EventDate "1983.05.01"]
[PlyCount "29"]

1.Nf3 Nf6 2.d4 g6 3.c4 Bg7 4.Qc2 O-O 5.e4 d6 6.Nc3 Bg4 7.Be3 Nc6 8.Rd1 Nd7
9.d5 Nce5 10.Be2 Nxf3+ 11.gxf3 Bh5 12.f4 Bxe2 13.Nxe2 c6 14.dxc6 bxc6 15.
O-O 1/2-1/2

[Event "22nd Varna it"]
[Site "Varna BUL"]
[Date "1983.05.??"]
[Round "7"]
[White "Espig, Lutz"]
[Black "Inkiov, Ventzislav"]
[Result "1-0"]
[WhiteElo "2425"]
[BlackElo "2500"]
[EventDate "1983.05.01"]
[PlyCount "65"]

1.Nf3 Nf6 2.c4 e6 3.g3 d5 4.b3 Be7 5.Bb2 O-O 6.Bg2 c5 7.O-O Nc6 8.e3 b6 9.
Nc3 Bb7 10.cxd5 Nxd5 11.Nxd5 Qxd5 12.d4 Rfd8 13.Ne5 Qd6 14.Nxc6 Bxc6 15.
Qg4 Bf8 16.dxc5 bxc5 17.Rfd1 Qc7 18.Bxc6 Qxc6 19.Rac1 Qa6 20.a4 Rd3 21.
Rxd3 Qxd3 22.Qc4 Qxc4 23.Rxc4 Rb8 24.Ba3 Rxb3 25.Bxc5 Rb7 26.Bd4 f6 27.Rc8
Kf7 28.Ra8 Rb1+ 29.Kg2 e5 30.Bxa7 Bd6 31.a5 Rb5 32.a6 Bc5 33.Rb8 1-0